Music Quiz

Random Music or Song Quiz

Opening Lyrics - Queen Quiz Stats

 Plays Quiz Updated Oct 14, 2016

Challenge
Share
Tweet
Embed
Score 0/15 Timer 07:00
12 Plays Today
Lyrics Song Title % Correct
Is this the real life? Is this just fantasy? Caught in a landslide... no escape from reality.Bohemian Rhapsody
97.2%
Buddy you're a boy make a big noise playin' in the street, gonna be a big man some day. You got mud on yo' face, you big disgrace kickin' your can all over the place.We Will Rock You
86.6%
I've paid my dues, time after time. I've done my sentence, but committed no crime. And bad mistakes, I've made a few. I've had my share of sand kicked in my face but I've come throWe Are The Champions
85.2%
This thing called love I just can't handle it. This thing called love I must get round to it. I ain't ready.Crazy Little Thing Called Love
78.3%
Are you gonna take me home tonight? Ah down beside that red fire light. Are you gonna let it all hang out? [Song Title] you make the rocking world go round.Fat Bottomed Girls
76.9%
She keeps Moet et Chandon in her pretty cabinet. 'Let them eat cake' she says just like Marie Antoinette. A built-in remedy for Khrushchev and Kennedy.Killer Queen
73.4%
I'd sit alone and watch your light. My only friend through teenage nights. And everything I had to know I heard it on my radio... Radio.Radio Ga Ga
69.8%
Tonight, I'm gonna have myself a real good time. I feel alive and the world turnin' inside out, yeah. I'm floating around in ecstasy.Don't Stop Me Now
69.7%
Lyrics Song Title % Correct
Steve walks warily down the street, with the brim pulled way down low. Ain't no sound but the sound of his feet, machine guns ready to go.Another One Bites the Dust
64.1%
Ooo, you're makin' me live. Whatever this world can give to me, it's you. You're all I see. Ooo, you're makin' me live now, honey! Ooo, you're makin' me live.You're My Best Friend
59.7%
Open up your mind and let me step inside. Rest your weary head and let your heart decide. It's so easy when you know the rules. It's so easy all you have to do is fall in love.Play the Game
35.6%
Here we stand, or here we fall. History won't care at all. Make the bed, light the light. Lady Mercy won't be home tonight.Hammer to Fall
32.9%
Fear me you lords and lady preachers. I descend upon your earth from the skies. I command your very souls, you unbelievers. Bring before me what is mine!Seven Seas of Rhye
31.4%
I can dim the lights and sing you songs full of sad things. We can do the tango just for two. I can serenade and gently play on your heart strings. Be your Valentino just for you.Good Old-Fashioned Lover Boy
29.9%
The machine of a dream, such a clean machine, with the pistons a pumpin', and the hubcaps all gleam.I'm In Love With My Car
25.1%

You're not logged in!

Compare scores with friends on all Sporcle quizzes.
OR
Log In

You Might Also Like...

Show Comments

Extras

Top Quizzes Today


Score Distribution

Your Account Isn't Verified!

In order to create a playlist on Sporcle, you need to verify the email address you used during registration. Go to your Sporcle Settings to finish the process.

Report this User

Report this user for behavior that violates our Community Guidelines.

Details: